Hướng dẫn sử dụng kênh hình trong sách giáo khoa lịch sử lớp 10 - THPT

Sách trình bày đi theo các giai đoạn lịch sử, bám sát từng bài học, đồng thời giúp cho bạn đọc biết cách sử dụng những kênh hình trong SGK có hiệu quả phù hợp với từng đối tượng học sinh.

Αποθηκεύτηκε σε:
Λεπτομέρειες βιβλιογραφικής εγγραφής
Κύριος συγγραφέας: Nguyễn, Thị Côi
Μορφή: Βιβλίο
Γλώσσα:Undetermined
Έκδοση: Hà Nội Nxb. Đại học Sư phạm 2013
Θέματα:
Ετικέτες: Προσθήκη ετικέτας
Δεν υπάρχουν, Καταχωρήστε ετικέτα πρώτοι!
Thư viện lưu trữ: Trung tâm Học liệu Trường Đại học Cần Thơ
LEADER 01081nam a2200217Ia 4500
001 CTU_202377
008 210402s9999 xx 000 0 und d
020 |c 41000 
082 |a 907.12 
082 |b C452 
100 |a Nguyễn, Thị Côi 
245 0 |a Hướng dẫn sử dụng kênh hình trong sách giáo khoa lịch sử lớp 10 - THPT 
245 0 |c Nguyễn Thị Côi (Chủ biên), Nguyễn Mạnh Hưởng, Nguyễn Thị Thế Bình 
260 |a Hà Nội 
260 |b Nxb. Đại học Sư phạm 
260 |c 2013 
520 |a Sách trình bày đi theo các giai đoạn lịch sử, bám sát từng bài học, đồng thời giúp cho bạn đọc biết cách sử dụng những kênh hình trong SGK có hiệu quả phù hợp với từng đối tượng học sinh. 
650 |a History,Lịch sử 
650 |x Study and teaching (Secondary),Học và giảng dạy (Trung học) 
904 |i Tuyến 
980 |a Trung tâm Học liệu Trường Đại học Cần Thơ